Loading...
Painting/Sculpture | 0 | 2 | 0 | 1 | 20 | 88 | 95.50 | 0 | 0 |
Science - Chemistry | 0 | 1 | 0 | 0 | 10 | 56 | 56.00 | 0 | 1 |
Science - Other Science | 0 | 1 | 1 | 0 | 5 | 72 | 72.00 | 0 | 1 |
Social Science | 0 | 1 | 2 | 0 | 0 | 105 | 105.00 | 0 | 0 |
Literature - World Literature | 0 | 0 | 0 | 0 | 0 | 0.00 | 0 | 0 | |
Literature - British Literature | 0 | 0 | 1 | 0 | -5 | 0.00 | 0 | 0 | |
Current Events | 0 | 0 | 1 | 0 | -5 | 0.00 | 0 | 0 | |
History - Other History | 0 | 0 | 1 | 0 | -5 | 0.00 | 0 | 0 | |
Pop Culture | 0 | 0 | 1 | 0 | -5 | 0.00 | 0 | 0 | |
Religion | 0 | 0 | 1 | 0 | -5 | 0.00 | 0 | 0 | |
History - American History | 0 | 0 | 1 | 0 | -5 | 0.00 | 0 | 0 | |
Fine Arts - Classical Music | 0 | 0 | 1 | 0 | -5 | 0.00 | 0 | 0 | |
Science - Physics | 0 | 0 | 1 | 0 | -5 | 0.00 | 0 | 0 | |
History - World History | 0 | 0 | 1 | 0 | -5 | 0.00 | 0 | 0 |